Statystyki dla Państwa które zmieniły swoje nazwy

Kliknij tutaj aby rozwiązać quiz!

Ogólne statystyki

  • Ten quiz został rozwiązany 35 razy
  • Średni wynik to 14 z 20

Statystyki odpowiedzi

Stara/nowa nazwaNazwa państwa% Poprawnych
Republika CzeskaCzechy
100%
NiderlandyHolandia
97%
Kosowo i Metochia (jest tak nazywane przez Serbie gdyż go nie uznaje)Kosowo
97%
MacedoniaMacedonia Północna
97%
Serbia i CzarnogóraCzarnogóra
94%
PersjaIran
84%
Serbia i CzarnogóraSerbia
84%
BirmaMjanma
81%
Suazi/SuazilandEswatini
74%
CejlonSri Lanka
74%
ZairDemokratyczna Republika Konga
68%
Pakistan wschodniBangladesz
65%
Wyspy zielonego PrzylądkaRepublika ZielonegoPrzylądka/ Cabo Verde
61%
Honduras BrytyjskiBelize
58%
SyjamTajlandia
58%
BharatIndie
55%
Górna WoltaBurkina Faso
42%
DahomejBenin
32%
Rodezja PółnocnaZambia
29%
NiasaMalawi
26%

Rozkład punktacji

Percentyl według liczby udzielonych odpowiedzi

Procent ludzi z każdym wynikiem

Twoja historia wyników

Nie rozwiązałeś tego quizu